1721 1811 1320 1925 1506 1261 1846 1915 1586 1544 1241 1525 1528 1145 1673 1205 1802 1845 1067 1945 1055 1770 1608 1541 1675 1466 1757 1438 1106 1819 1284 1172 1040 1207 1786 1682 1357 1743 1135 1159 1370 1727 1617 1411 1748 1502 1253 1117 1692 1401 1476 1320 1535 1799 1347 1480 1583 1845 1372 1923 1485 1152 1099 1032 1594 1270 1517 1904 1653 1722 1660 1718 1409 1443 1818 1902 1792 1041 1323 1683 1507 1987 1543 1075 1592 1195 1999 1496 1476 1188 1306 1597 1144 1989 1711 1384 1624 1242 1261 BCNSPRNW ULIB Ver.6.0+V

เปลี่ยนเป็นภาษาไทย

Change to English
 แสดงรายละเอียดบรรณานุกรม
  กลับหน้าหลัก

Brief Record : Get Marc (ISO 2709) : E-mail record : QR code < ปิดหน้าต่าง
LEADER : 00000nam 2200000uu 4500
001    13399108390
003     ULIB
008    110302s2550||||th 000 0 tha d
020    9741105347
060 04 WY100^bส732ท 2550
245 00 ทักษะพื้นฐานทางการพยาบาล =^bBasic skills in nursing /^cบรรณาธิการ, สิริรัตน์ ฉัตรชัยสุชา, ปรางค์ทิพย์ อุจะรัตน,ณัฐสุรางค์ บุญจันทร์
246 31 Basic skills in nursing
250    พิมพ์ครั้งที่ 2
260    กรุงเทพฯ :^bภาควิชาการพยาบาลรากฐาน คณะพยาบาลศาสตร์มหาวิทยาลัยมหิดล, ^c2550
300    xiii, 345 หน้า :^bภาพประกอบ ;^c26 ซม.
504    บรรณานุกรมและดรรชนี
650  7 การพยาบาล
700 0  สิริรัตน์ ฉัตรชัยสุชา;^eบรรณาธิการ
700 0  ปรางค์ทิพย์ อุจะรัตน;^eบรรณาธิการ
700 0  ณัฐสุรางค์ บุญจันทร์;^eบรรณาธิการ
710 2  มหาวิทยาลัยมหิดล. ^bคณะพยาบาลศาสตร์.^bภาควิชาการพยาบาลรากฐาน
945    ^p350^l0^i029768
945    ^p350^l0^i025177
995    ทศพร
999 ^a ใช้งานได้ทุกระบบ
รายการนี้ยังไม่มีแท็ก
คุณยังไม่ได้ล็อกอิน คุณสามารถมีกิจกรรมร่วมกับเว็บไซต์ได้ แต่ต้องล็อกอินก่อน ::
  ล็อกอิน

รายการสื่อสารสนเทศ

ลำดับที่ ประเภท เลขเรียก/บาร์โค้ด สถานที่ สถานะ
1. วิทยาศาสตร์การแพทย์ และสุขภาพ
วิทยาศาสตร์การแพทย์ และสุขภาพ
WY100 ส732ท 2550 ฉ.14 
  Barcode: 025177
ห้องสมุดวิทยาเขตสวรรค์ประชารักษ์
►ส่วนจัดเก็บหนังสือเก่า สปร
บนชั้น
  ขอยืม

รายการใกล้เคียง
    หัวเรื่อง [การพยาบาล]

BibComment


ยังไม่เคยถูกคอมเมนท์

คอมเมนท์ทรัพยากรรายการนี้
  คอมเมนท์: ทักษะพื้นฐานทางกา..


 Copyright 2026. Bcnsprnw @Library